000 01518nam a22002417a 4500
003 NALT
005 20251125232948.0
008 s2544 th tha d
040 _aNALT
041 _atha
090 _aKE63
_bส413ก 2544
110 0 _aสวัสดิการสำนักงาน ก.พ.
245 1 0 _aกฎ ก.พ. พร้อมด้วยข้อบังคับ ก.พ. ระเบียบ ก.พ. หนังสือเวียน ก.พ. และพระราชบัญญัติระเบียบข้าราชการพลเรือน พ.ศ. 2535 พระราชบัญญัติระเบียบบริหารราชการแผ่นดิน.... /
_cสวัสดิการสำนักงาน ก.พ.
260 3 _aกรุงเทพฯ :
_bสวัสดิการสำนักงาน ก.พ. สำนักงาน ก.พ.,
_c2544
300 _a1171 หน้า :
_bภาพประกอบ, ตาราง ;
_c26 ซม.
610 _aสวัสดิการสำนักงาน ก.พ.
650 0 4 _aระเบียบข้าราชการพลเรือน (พ.ร.บ.) -- 2535
650 0 4 _aระเบียบข้าราชการพลเรือน (พ.ร.บ.) -- 2535
850 _aNALT
856 4 0 _uhttps://hdl.handle.net/20.500.14156/466108
942 _cLB
_2lcc
999 _c44345
_d44345
998 _j109
_k อารีรัตน์ วิชาช่าง